000 00703nam a22002297a 4500
003 DO-SdBNP
005 20220204132427.0
007 ta
008 220204b2019 dr ac||| |||| 00| 0 spa d
020 _a9789945220179
040 _aDO-SdBNP
_bspa
_cBNPHU
082 4 _222
_bS944e
100 1 _aSuero, Jenchy
_981145
245 1 0 _aEl error de no hablar /
_cJesús Antonio Suero Castillo (Jenchy Suero).
260 _aSanto Domingo :
_bBúho,
_c2019.
300 _a188 p. :
_bil., retrs. ;
_c22 cm.
500 _aIncluye datos biográficos del autor en la contracubierta.
504 _aBibliografía : p. 183-186
590 _aInventariado, 2022 /LP
910 _aLopérez.
942 _2ddc
_cLBS1
999 _c51347
_d51347